000 00247nam a2200097Ia 4500
005 20251222114354.0
008 251222s1900||||xx |||||||||||||| ||spa||
082 _aDVD0120/S59.3/2002
245 0 _aGiuseppe Verdi (1813 - 1901): Don Carlo:
942 _cDVD
999 _c1353
_d1353